Tvorba 3D webu pomocou three.js diplomová práca

Enregistré dans:
Détails bibliographiques
Auteur principal: Piskorík, Kamil
Collectivité auteur: Fakulta hospodárskej informatiky EU. Katedra aplikovanej informatiky
Autres auteurs: Schmidt, Peter, 1968-
Format: Livre
Langue:slovaque
Publié: Bratislava 2017
Tags: Ajouter un tag
Pas de tags, Soyez le premier à ajouter un tag!

MARC

LEADER 00000nbm a2200000 4500
001 0232968
005 20180413101052.4
041 0 |a slo 
044 |a SK 
245 1 0 |a Tvorba 3D webu pomocou three.js  |b diplomová práca  |c Kamil Piskorík ; školiteľ: Peter Schmidt 
264 1 |a Bratislava  |c 2017 
300 |a 67 s. 
100 1 |a Piskorík, Kamil 
700 1 |a Schmidt, Peter, 1968- 
710 2 |a Fakulta hospodárskej informatiky EU. Katedra aplikovanej informatiky